| Tag |
First Indicator |
Second Indicator |
Subfields |
| LEADER |
00000cam a22000008a 4500 |
| 001 |
in00002201612 |
| 005 |
20151104091936.0 |
| 008 |
060626s2006 ilu b 001 0 eng |
| 010 |
|
|
|a 2006021078
|
| 020 |
|
|
|a 0814115446 (pbk.)
|
| 020 |
|
|
|a 9780814115442 (pbk.)
|
| 024 |
3 |
|
|a 9780814115442
|
| 035 |
|
|
|a (OCoLC)ocm70199905
|
| 040 |
|
|
|a DLC
|c DLC
|d EYE
|d BAKER
|d SYB
|d TXA
|d UtOrBLW
|
| 049 |
|
|
|a TXAM
|
| 050 |
0 |
0 |
|a PE1072
|b .E57 2006
|
| 082 |
0 |
0 |
|a 420
|2 22
|
| 245 |
0 |
0 |
|a English studies :
|b an introduction to the discipline(s) /
|c edited by Bruce McComiskey.
|
| 263 |
|
|
|a 0609
|
| 264 |
|
1 |
|a Urbana, Ill. :
|b National Council of Teachers of English,
|c 2006.
|
| 300 |
|
|
|a ix, 339 pages ;
|c 23 cm.
|
| 336 |
|
|
|a text
|b txt
|2 rdacontent
|
| 337 |
|
|
|a unmediated
|b n
|2 rdamedia
|
| 338 |
|
|
|a volume
|b nc
|2 rdacarrier
|
| 490 |
1 |
|
|a Refiguring English studies
|
| 504 |
|
|
|a Includes bibliographical references and index.
|
| 505 |
0 |
0 |
|g 1.
|t Linguistics and Discourse Analysis /
|r Ellen Barton --
|g 2.
|t Rhetoric and Composition /
|r Janice Lauer --
|g 3.
|t Creative Writing /
|r Katharine Haake --
|g 4.
|t Literature and Literary Criticism /
|r Richard Taylor --
|g 5.
|t Critical Theory and Cultural Studies /
|r Amy Elias --
|g 6.
|t English Education /
|r Robert P. Yagelski.
|
| 650 |
|
0 |
|a English language.
|
| 700 |
1 |
|
|a McComiskey, Bruce,
|d 1963-
|
| 856 |
4 |
1 |
|3 Table of contents only
|u http://www.loc.gov/catdir/toc/ecip0616/2006021078.html
|t 0
|
| 830 |
|
0 |
|a Refiguring English studies.
|
| 994 |
|
|
|a C0
|b TXA
|
| 948 |
|
|
|a cataloged
|b h
|c 2006/12/4
|d c
|e blrosas
|f 1:53:50 pm
|
| 999 |
|
|
|a MARS
|
| 999 |
f |
f |
|s 6efb3249-31be-3b09-bc77-2f23d62edf57
|i a7758cb0-a983-388e-889c-a033c0517fea
|t 0
|
| 952 |
f |
f |
|p normal
|a Texas A&M University
|b College Station
|c Sterling C. Evans Library
|d Evans: Library Stacks
|t 0
|e PE1072 .E57 2006
|h Library of Congress classification
|i unmediated -- volume
|m A14835581486
|
| 998 |
f |
f |
|a PE1072 .E57 2006
|t 0
|l Evans: Library Stacks
|